Faith development in context : (Registro nro. 32112)
[ vista simple ]
| 000 -LEADER | |
|---|---|
| campo de control de longitud fija | 02538nam a2200517 4500 |
| 003 - IDENTIFICADOR DE NÚMERO DE CONTROL | |
| campo de control | PE-LiUPU |
| 005 - FECHA Y HORA DE LA ÚLTIMA TRANSACCIÓN | |
| campo de control | 20250731173119.0 |
| 008 - DATOS DE LONGITUD FIJA--INFORMACIÓN GENERAL | |
| campo de control de longitud fija | 211001n 000 0 eng u |
| 020 ## - NÚMERO INTERNACIONAL ESTÁNDAR DEL LIBRO | |
| Número Internacional Estándar del Libro | |
| 035 ## - NÚMERO DE CONTROL DEL SISTEMA | |
| Número de control de sistema | (Sirsi) a252910 |
| 082 04 - NÚMERO DE LA CLASIFICACIÓN DECIMAL DEWEY | |
| Número de clasificación | 291.1 |
| Cutter | F1 |
| 245 10 - MENCIÓN DEL TÍTULO | |
| Título | Faith development in context : |
| Mención de responsabilidad, etc. | symposium papers / |
| -- | Bruce L. Bauer, editor. |
| 264 ## - PRODUCCIÓN, PUBLICACIÓN, DISTRIBUCIÓN, FABRICACIÓN Y COPYRIGHT | |
| Producción, publicación, distribución, fabricación y copyright | Berrien Springs, Mich. : |
| Nombre del de productor, editor, distribuidor, fabricante | Dept. of World Mission, Andrews University, |
| Fecha de producción, publicación, distribución, fabricación o copyright | c2005. |
| 300 ## - DESCRIPCIÓN FÍSICA | |
| Extensión | viii, 281 páginas ; |
| Dimensiones | 23 centímetros |
| 440 ## - MENCIÓN DE SERIE/PUNTO DE ACCESO ADICIONAL--TÍTULO | |
| Título | Andrews University mission studies; |
| Número de parte o sección de la obra | 2 |
| 505 0# - NOTA DE CONTENIDO CON FORMATO | |
| Nota de contenido con formato | Doing Theology in Mission. -Faith development in context-an overview. -Introducing adventisst distinctives in new fields: a literary and historical analysis of selected counsels by Ellen G. White. -Issues of identity. -Kingdom and Church. -The use of the Qur'an in sharing the gopel: promise or compromise?. -Relating to Mohammad and the Mosque. -Dealing with syncretism in insider movements. -Maintaining unity with parallel structures. |
| 526 ## - NOTA DE INFORMACIÓN SOBRE EL PROGRAMA DE ESTUDIO | |
| Nombre del programa | Segunda Especialidad En Profecías Bíblicas |
| 526 ## - NOTA DE INFORMACIÓN SOBRE EL PROGRAMA DE ESTUDIO | |
| Nombre del programa | Segunda Especialidad En Nuevo Testamento |
| 526 ## - NOTA DE INFORMACIÓN SOBRE EL PROGRAMA DE ESTUDIO | |
| Nombre del programa | Segunda Especialidad En Antiguo Testamento |
| 526 ## - NOTA DE INFORMACIÓN SOBRE EL PROGRAMA DE ESTUDIO | |
| Nombre del programa | Segunda Especialidad En Estudios Adventistas |
| 526 ## - NOTA DE INFORMACIÓN SOBRE EL PROGRAMA DE ESTUDIO | |
| Nombre del programa | Doctorado en teología |
| 526 ## - NOTA DE INFORMACIÓN SOBRE EL PROGRAMA DE ESTUDIO | |
| Nombre del programa | Maestría en teología histórica |
| 526 ## - NOTA DE INFORMACIÓN SOBRE EL PROGRAMA DE ESTUDIO | |
| Nombre del programa | Maestría en teología bíblica |
| 526 ## - NOTA DE INFORMACIÓN SOBRE EL PROGRAMA DE ESTUDIO | |
| Nombre del programa | Maestría en teología |
| 526 ## - NOTA DE INFORMACIÓN SOBRE EL PROGRAMA DE ESTUDIO | |
| Nombre del programa | Maestría en misionología |
| 526 ## - NOTA DE INFORMACIÓN SOBRE EL PROGRAMA DE ESTUDIO | |
| Nombre del programa | Maestría en liderazgo eclesiástico |
| 526 ## - NOTA DE INFORMACIÓN SOBRE EL PROGRAMA DE ESTUDIO | |
| Nombre del programa | Teología |
| 598 ## - | |
| -- | CATALOGING |
| 596 ## - | |
| -- | 1 |
| 650 14 - PUNTO DE ACCESO ADICIONAL DE MATERIA--TÉRMINO DE MATERIA | |
| Término de materia o nombre geográfico como elemento de entrada | Cristianismo y otras religiones |
| Subdivisión general | Congresos. |
| 650 24 - PUNTO DE ACCESO ADICIONAL DE MATERIA--TÉRMINO DE MATERIA | |
| Término de materia o nombre geográfico como elemento de entrada | Misiones a musulmanes |
| Subdivisión general | Congresos. |
| 650 24 - PUNTO DE ACCESO ADICIONAL DE MATERIA--TÉRMINO DE MATERIA | |
| Término de materia o nombre geográfico como elemento de entrada | Cristianismo y cultura |
| Subdivisión general | Congresos. |
| 650 24 - PUNTO DE ACCESO ADICIONAL DE MATERIA--TÉRMINO DE MATERIA | |
| Término de materia o nombre geográfico como elemento de entrada | Adventistas del Séptimo Día |
| Subdivisión general | Misiones. |
| 700 1# - ENTRADA AGREGADA--NOMBRE PERSONAL | |
| Nombre de persona | Paulien, Jon, |
| Fechas asociadas al nombre | 1949-, |
| Títulos y otros términos asociados al nombre | Dealing with syncretism in insider movements |
| 700 1# - ENTRADA AGREGADA--NOMBRE PERSONAL | |
| Nombre de persona | Osindo, Oscar, |
| Títulos y otros términos asociados al nombre | Relating to Mohammad and the mosque |
| 700 1# - ENTRADA AGREGADA--NOMBRE PERSONAL | |
| Nombre de persona | Diop, Ganoune, |
| Títulos y otros términos asociados al nombre | Use of the Qur'an in sharing the gospel |
| 700 1# - ENTRADA AGREGADA--NOMBRE PERSONAL | |
| Nombre de persona | Johnston, Robert Morris, |
| Fechas asociadas al nombre | 1930-, |
| Títulos y otros términos asociados al nombre | Kingdom and church |
| 700 1# - ENTRADA AGREGADA--NOMBRE PERSONAL | |
| Nombre de persona | Whitehouse, Jerald, |
| Títulos y otros términos asociados al nombre | Issues of identity |
| 700 1# - ENTRADA AGREGADA--NOMBRE PERSONAL | |
| Nombre de persona | Nunes, Fausto Edgar, |
| Títulos y otros términos asociados al nombre | Introducing Adventist distinctives in new fields: a literary and historical analysis of selected counsels by Ellen G. White |
| 700 1# - ENTRADA AGREGADA--NOMBRE PERSONAL | |
| Nombre de persona | Roennfeldt, Peter, |
| Títulos y otros términos asociados al nombre | Faith development in context--and overview |
| 700 1# - ENTRADA AGREGADA--NOMBRE PERSONAL | |
| Nombre de persona | Dybdahl, Jon, |
| Títulos y otros términos asociados al nombre | Doing theology in mission |
| 700 1# - ENTRADA AGREGADA--NOMBRE PERSONAL | |
| Nombre de persona | Bauer, Bruce L. (Bruce Lee), |
| Títulos y otros términos asociados al nombre | Maintaining unity with parallel structures |
| 942 ## - ELEMENTOS DE ENTRADA SECUNDARIOS (KOHA) | |
| Fuente del sistema de clasificación o colocación | Clasificación Decimal Dewey |
| Tipo de ítem Koha | |
| 949 ## - PROCESAMIENTO DE INFORMACIÓN LOCAL (OCLC) | |
| a | 291.1 F1 |
| b | B35 |
| w | DEWEY |
| c | 1 |
| i | 70922 |
| m | BC |
| p | 30.00 |
| r | 0 |
| s | Y |
| t | LIBRO |
| u | 2021-04-20 |
| x | FACTEO |
| z | Teología |
| o | STAFF. Colección General |
| 999 ## - NÚMEROS DE CONTROL DE SISTEMA (KOHA) | |
| -- | DEWEY |
| -- | 70922 |
| -- | 2022-6-9 |
| -- | 1 |
| -- | CCODEBUL1 |
| -- | BUL |
| -- | 30.00 |
| -- | 0 |
| -- | Y |
| -- | BOOK |
| -- | 2021-10-1 |
| -- | TEOLOGIA |
| -- | P35 |
| -- | UNKNOWN |
| 980 ## - EQUIVALENCIA O REFERENCIA-CRUZADA-MENCIÓN DE SERIE--NOMBRE DE PERSONA/TÍTULO [LOCAL, CANADÁ] | |
| ID del último usuario que modificó el registro | 1 |
| Nombre del último usuario que modificó el registro | ALBERTO SANCHEZ Responsable de Automatización |
| Visto por última vez | Número de inventario | Total de préstamos | Signatura topográfica completa | Código de barras | Copia número | Coste, precio de reemplazo | Fecha de reemplazo | Facultad | Tipo de ítem Koha | Nota pública | Estado de pérdida | Fuente del sistema de clasificación o colocación | Restricciones de uso | No para préstamo | Colección | Programa académico | Biblioteca de origen | Biblioteca actual | Ubicación en estantería | Fecha de adquisición | Fuente de adquisición | Coste, precio normal de compra |
|---|---|---|---|---|---|---|---|---|---|---|---|---|---|---|---|---|---|---|---|---|---|---|
| 2025-12-02 | 2 | 291.1 F1 | 70922 | e1 | 35.00 | 2021-10-01 | Libros físicos | inventario-2023-12-13 | No Perdido | Clasificación Decimal Dewey | No restringido | Disponible para préstamos | Colección General | Teología | Biblioteca CRAI UPeU Lima | Biblioteca CRAI UPeU Lima | Sala principal | 2021-10-01 | UNKNOWN | 30.00 |